5HLuxD.jpg

KING HENRY VIII SENIOR AND PRIMARY SCHOOL LIBRARY OPAC

Totally amazing facts about geography / (Record no. 1978)

000 -LEADER
fixed length control field 01844cam a2200397 i 4500
001 - CONTROL NUMBER
control field 20690733
003 - CONTROL NUMBER IDENTIFIER
control field OSt
005 - DATE AND TIME OF LATEST TRANSACTION
control field 20230222100604.0
008 - FIXED-LENGTH DATA ELEMENTS--GENERAL INFORMATION
fixed length control field 180928s2018 mnuab j b 001 0 eng d
010 ## - LIBRARY OF CONGRESS CONTROL NUMBER
LC control number 2018288636
020 ## - INTERNATIONAL STANDARD BOOK NUMBER
International Standard Book Number 9781515777632
Qualifying information (hardcover)
035 ## - SYSTEM CONTROL NUMBER
System control number (OCoLC)ocn995333530
040 ## - CATALOGING SOURCE
Original cataloging agency YDX
Language of cataloging eng
Transcribing agency YDX
Description conventions rda
Modifying agency BDX
-- CHILD
-- GK8
-- JZ3
-- SINLB
-- OCLCF
-- UAP
-- OU9
-- NYP
-- EHH
-- IFK
-- T2S
-- JDP
-- DLC
-- KH8
042 ## - AUTHENTICATION CODE
Authentication code lccopycat
082 ## - DEWEY DECIMAL CLASSIFICATION NUMBER
Classification number 910.2 MEI
100 1# - MAIN ENTRY--PERSONAL NAME
Personal name Meister, Cari,
Relator term author.
245 10 - TITLE STATEMENT
Title Totally amazing facts about geography /
Statement of responsibility, etc. Cari Meister.
264 #1 - PRODUCTION, PUBLICATION, DISTRIBUTION, MANUFACTURE, AND COPYRIGHT NOTICE
Place of production, publication, distribution, manufacture North Mankato, Minnesota :
Name of producer, publisher, distributor, manufacturer Capstone Press, a Capstone imprint,
Date of production, publication, distribution, manufacture, or copyright notice [2018]
264 #4 - PRODUCTION, PUBLICATION, DISTRIBUTION, MANUFACTURE, AND COPYRIGHT NOTICE
Date of production, publication, distribution, manufacture, or copyright notice ©2018
300 ## - PHYSICAL DESCRIPTION
Extent 112 pages :
Other physical details color illustrations, color maps ;
Dimensions 16 x 21 cm.
336 ## - CONTENT TYPE
Content type term text
Content type code txt
Source rdacontent
336 ## - CONTENT TYPE
Content type term still image
Content type code sti
Source rdacontent
336 ## - CONTENT TYPE
Content type term cartographic image
Content type code cri
Source rdacontent
337 ## - MEDIA TYPE
Media type term unmediated
Media type code n
Source rdamedia
338 ## - CARRIER TYPE
Carrier type term volume
Carrier type code nc
Source rdacarrier
490 1# - SERIES STATEMENT
Series statement Mind benders
504 ## - BIBLIOGRAPHY, ETC. NOTE
Bibliography, etc. note Includes bibliographical references (page 110) and index.
520 ## - SUMMARY, ETC.
Summary, etc. Did you know that Antarctica is really a desert? Ever wondered what the world's most crowded city is? Curious to learn where you can swim in lakes as pink as strawberry milkshakes? Discover these and over 100 other outrageous and surprising facts about places all around the world. Fun geography trivia plus a bold, bright design and lively photos will keep reluctant and struggling reader wanting more!
650 #0 - SUBJECT ADDED ENTRY--TOPICAL TERM
Topical term or geographic name entry element Geography
Form subdivision Miscellanea
-- Juvenile literature.
650 #4 - SUBJECT ADDED ENTRY--TOPICAL TERM
Topical term or geographic name entry element Geography
Form subdivision Miscellanea
-- Juvenile literature.
655 #4 - INDEX TERM--GENRE/FORM
Genre/form data or focus term Juvenile works.
830 #0 - SERIES ADDED ENTRY--UNIFORM TITLE
Uniform title Mind benders (Capstone Press)
906 ## - LOCAL DATA ELEMENT F, LDF (RLIN)
a 7
b cbc
c copycat
d 2
e ncip
f 20
g y-gencatlg
942 ## - ADDED ENTRY ELEMENTS (KOHA)
Source of classification or shelving scheme
Koha item type Books - Non Ficton
Holdings
Withdrawn status Lost status Source of classification or shelving scheme Damaged status Not for loan Collection code Permanent Location Current Location Shelving location Date acquired Total Checkouts Total Renewals Full call number Barcode Date last seen Date last checked out Price effective from Koha item type
          Non-Fiction KH8 Primary School Library KH8 Primary School Library Non Fiction 2023-02-22 12 1 910.2 MEI KHPL000003689 2025-12-05 2024-05-14 2023-02-22 Books - Non Ficton

Powered By KH8 IT Dept